170 respuestas que su dinero necesita /

Guardado en:
Autor Principal: Saporosi, Claudia.
Otros Autores: Saporosi, Gerardo.
Formato: Libro
Idioma:Spanish
Publicado: Buenos Aires : Ediciones Macchi, 1991.
Materias:
Etiquetas: Agregar Etiqueta
Sin Etiquetas, Sea el primero en etiquetar este registro!
LEADER 00656nam a22002055 4500
001 EAD.ead002449
008 080718s1991####ag############000#0#spa#d
005 20101021172620.0
245 1 0 |a 170 respuestas que su dinero necesita /  |c Claudia Saporosi, Gerardo Saporosi. 
260 |a Buenos Aires :  |b Ediciones Macchi,  |c 1991. 
300 |a 182 p. ;  |c 22 cm. 
020 |a 9505371691 
100 1 |a Saporosi, Claudia. 
700 1 |a Saporosi, Gerardo. 
082 0 4 |a 332.4  |2 21 
650 7 |a Inflación.  |2 unbist 
650 7 |a Dinero.  |2 unbist 
650 7 |a Planes regionales.  |2 unbist 
653 |a Plan Austral 
859 |a AR-BaBDC  |b BIB. ADMINISTRACION - Libros  |h 332.4  |i Sa68  |p b02359